Los peor / (Record no. 88)

MARC details
000 -LEADER
campo de control de longitud fija 00740cam a22002417a 4500
001 - NÚMERO DE CONTROL
campo de control 697134
003 - IDENTIFICADOR DE NÚMERO DE CONTROL
campo de control CNVNFHGJT
005 - FECHA Y HORA DE LA ÚLTIMA TRANSACCIÓN
campo de control 20220326193249.0
008 - DATOS DE LONGITUD FIJA--INFORMACIÓN GENERAL
campo de control de longitud fija 960409s1995 cr 000 0 spa
010 ## - NÚMERO DE CONTROL DE LA BIBLIOTECA DEL CONGRESO
Número de control de LC 96135158
020 ## - NÚMERO INTERNACIONAL ESTÁNDAR DEL LIBRO
Número Internacional Estándar del Libro 9977986746
035 ## - NÚMERO DE CONTROL DEL SISTEMA
Número de control de sistema (NcChVT)VT52CR174
040 ## - FUENTE DE CATALOGACIÓN
Centro catalogador/agencia de origen DLC
Centro/agencia transcriptor DLC
050 00 - SIGNATURA TOPOGRÁFICA DE LA BIBLIOTECA DEL CONGRESO
Número de clasificación MLCS 96/04857 (P)
082 ## - NÚMERO DE LA CLASIFICACIÓN DECIMAL DEWEY
Número de clasificación 863.44
Número de ítem C764l
100 2# - ENTRADA PRINCIPAL--NOMBRE DE PERSONA
Nombre de persona Contreras Castro, Fernando,
Fechas asociadas al nombre 1963-
9 (RLIN) 453
245 14 - MENCIÓN DEL TÍTULO
Título Los peor /
Mención de responsabilidad, etc. Fernando Contreras Castro.
260 ## - PUBLICACIÓN, DISTRIBUCIÓN, ETC.
Lugar de publicación, distribución, etc. [San José] :
Nombre del editor, distribuidor, etc. Farben Grupo Editorial Norma,
Fecha de publicación, distribución, etc. c1995.
300 ## - DESCRIPCIÓN FÍSICA
Extensión 247 p. ;
Dimensiones 19 cm.
Otras características físicas il (con color)
650 ## - PUNTO DE ACCESO ADICIONAL DE MATERIA--TÉRMINO DE MATERIA
Término de materia o nombre geográfico como elemento de entrada Literatura
Subdivisión general Novela
Subdivisión geográfica Costa Rica
9 (RLIN) 543
906 ## - ELEMENTOS DE DATOS F LOCAL, LDF (RLIN)
a 7
b cbc
c orignew
d 4
e ncip
f 19
g y-gencatlg
Holdings
Estatus retirado Estado de pérdida Fuente del sistema de clasificación o colocación Estado de daño No para préstamo Biblioteca de origen Biblioteca actual Ubicación en estantería Fecha de adquisición Total de préstamos Signatura topográfica completa Código de barras Visto por última vez Precio de reemplazo Tipo de ítem Koha
    Clasificación Decimal Dewey     Biblioteca LadoV Biblioteca LadoV   02/05/2014   863.44 C764l 000105 02/05/2014 02/05/2014 Material 01